000
00269nam a2200109Ia 4500
008
200302s9999 xx 000 0 und d
100
_a
Edward De Bono
245
_a
New Thinking for the new Millennium
260
_b
Penguin Group Ltd.
260
_c
2000
300
_a
288 P.,
999
_c
5105
_d
5105